Hindi to English: Colors - Statistics

General Stats
  • This quiz has been taken 81 times
  • The average score is 9 of 11
Answer Stats
Hindi Angreji (English) % Correct
Neela Blue
96%
Laal Red
96%
Kaalaa Black
93%
Saphed White
93%
Peela Yellow
93%
Gulaabi Pink
89%
Hara Green
88%
Santara Orange
73%
Jamuni Purple
67%
Bhoora Brown
62%
Kesari Saffron
44%
No matching quizzes found
Score Distribution
Percent of People with Each Score
Percentile by Number Answered
Your Score History
You have not taken this quiz